Ville du Québec - Mort subite - Statistiques

Statistiques générales
  • Ce quiz a été pris 261 fois
  • Le résultat moyen est 7 sur 20
Answers on the Grid
Answers color-coded by a green-red scale on the quiz's grid according to % correct below.
Fermont
Abitibi
Sherbrooke
Port-au-Lièvres
Gaspé
Beloeil
Sept-îles
Québec
Quatre-Monts
Terrebonne
Baie-Saint-Paul
Sillery
Shawinigan
Mottville
La tuque
Montréal
Fredericton
Charlemagne
Saguenay
Neuville
Rivière-du-loup
Cap-Saint-Pierre
Sainte-Aghate-des-Monts
Trois-rivières
Ottawa
Mont-Rouge
Mirabel
Sainte-Foy
Duchesneau
Nouveau-Paris
Forestville
Rouyn-Noranda
 
Statistiques - réponses
Réponse % Correct
Montréal
49%
Québec
49%
Sherbrooke
49%
Rivière-du-loup
45%
Trois-rivières
45%
Gaspé
43%
La tuque
37%
Saguenay
37%
Beloeil
36%
Shawinigan
35%
Terrebonne
35%
Baie-Saint-Paul
34%
Mirabel
33%
Sept-îles
30%
Sainte-Aghate-des-Monts
28%
Fermont
25%
Rouyn-Noranda
23%
Forestville
20%
Charlemagne
18%
Neuville
16%
Aucun quiz correspondant
Distribution des résultats
% des personnes avec chaque résultat
Percentile par nombre de réponses
Votre historique - résultats
Vous n’avez pas pris ce quiz